Pla Narbona (Record no. 171857)
[ view plain ]
| 000 -LEADER | |
|---|---|
| campo de control de longitud fija | 00960nam a2200277 i 4500 |
| 001 - NÚMERO DE CONTROL | |
| campo de control | 171857 |
| 003 - IDENTIFICADOR DE NÚMERO DE CONTROL | |
| campo de control | ES-MaACL |
| 005 - FECHA Y HORA DE LA ÚLTIMA TRANSACCIÓN | |
| campo de control | 20240516063107.0 |
| 008 - DATOS DE LONGITUD FIJA--INFORMACIÓN GENERAL | |
| campo de control de longitud fija | 090603s1968 sp |||| | spa d |
| 017 ## - NÚMERO DE COPYRIGHT O DE DEPÓSITO LEGAL | |
| Número de copyright o de depósito legal | B 12314-1968 |
| 080 ## - NÚMERO DE LA CLASIFICACIÓN DECIMAL UNIVERSAL | |
| Número de la Clasificación Decimal Universal | 74 Pla Narbona, José |
| 100 1# - ENTRADA PRINCIPAL--NOMBRE DE PERSONA | |
| Nombre de persona | Pla Narbona, José, |
| Fechas asociadas al nombre | 1928-2020 |
| 9 (RLIN) | 140483 |
| 245 10 - MENCIÓN DEL TÍTULO | |
| Título | Pla Narbona |
| Resto del título | : dibuixos, dibujos, drawings / |
| Mención de responsabilidad, etc. | textos, Felipe Cid, Juan Rof Carballo, Salvador Espriu. |
| 250 ## - MENCION DE EDICION | |
| Mención de edición | 1ª ed. |
| 260 ## - PUBLICACIÓN, DISTRIBUCIÓN, ETC. | |
| Lugar de publicación, distribución, etc. | Barcelona : |
| Nombre del editor, distribuidor, etc. | Llibres de Sinera, |
| Fecha de publicación, distribución, etc. | [1968] |
| 300 ## - DESCRIPCIÓN FÍSICA | |
| Extensión | 155 p. : |
| Otras características físicas | principalmente il. ; |
| Dimensiones | 30 cm. |
| 490 1# - MENCIÓN DE SERIE | |
| Mención de serie | Guernica ; |
| Designación de volumen o secuencia | 1 |
| 546 ## - NOTA DE IDIOMA | |
| Nota de lengua/lenguaje | Textos en español, catalán e inglés. |
| 700 1# - ENTRADA AGREGADA--NOMBRE PERSONAL | |
| Nombre de persona | Cid, Felip, |
| Fechas asociadas al nombre | 1930-2015 |
| 9 (RLIN) | 38758 |
| 700 1# - ENTRADA AGREGADA--NOMBRE PERSONAL | |
| Nombre de persona | Rof Carballo, Juan, |
| Fechas asociadas al nombre | 1905-1994 |
| 9 (RLIN) | 98915 |
| 700 1# - ENTRADA AGREGADA--NOMBRE PERSONAL | |
| Nombre de persona | Espriu, Salvador, |
| Fechas asociadas al nombre | 1913-1985 |
| 9 (RLIN) | 47947 |
| 830 0# - PUNTO DE ACCESO ADICIONAL DE SERIE-TÍTULO UNIFORME | |
| Título uniforme | Guernica ; |
| Designación de volumen o secuencia | 1 |
| 9 (RLIN) | 223221 |
| 852 ## - LOCALIZACIÓN | |
| Ubicación | ES-MaACL |
| Número de control de estantería | C-56933 |
| itemnumber | R.66418 |
| Estatus retirado | Estado de pérdida | Estado de daño | No para préstamo | Biblioteca de origen | Biblioteca actual | Ubicación en estantería | Fecha de adquisición | Fuente de adquisición | Total de préstamos | Signatura topográfica completa | Código de barras | Visto por última vez | Precio de reemplazo | Tipo de ítem Koha |
|---|---|---|---|---|---|---|---|---|---|---|---|---|---|---|
| Biblioteca del Ateneo de Madrid | Biblioteca del Ateneo de Madrid | Depósito 2 | 03/06/2009 | C-56933 | 1180359 | 23/02/2023 | 23/02/2023 | Libro impreso |
